000 00523nam a2200205Ia 4500
003 0100
008 130303s9999 xx 000 0 und d
040 _cARRUPELIB
050 _aR724.M66 2005
245 _aHealth care ethics
245 _bcritical issues for the 21st century
260 _aBoston
260 _bJones and Bartlett Publishers
260 _C2005
300 _axxiii
300 _b 614p. 27cm.
650 _bRome (city)
700 _aMonagle, John F. ; Thomasma, David C. eds.
942 _2lcc
_01
999 _c67263
_d67263